Compo de l'équipe de France 2024. - Statistiques

Statistiques générales
  • Ce quiz a été pris 38 fois
  • Le résultat moyen est 10 sur 11
Statistiques - réponses
Postes Noms % Correct
Gardien Maignan
100%
Buteur Mbappé
97%
Attaquant Dembélé
91%
Défense Hernandez
91%
Défense Koundé
91%
Milieu Griezman
88%
Défense Saliba
88%
Défense Upamecano
88%
Milieu Rabiot
79%
Milieu Kanté
76%
Attaquant Thuram
65%
Aucun quiz correspondant
Distribution des résultats
% des personnes avec chaque résultat
Percentile par nombre de réponses
Votre historique - résultats
Vous n’avez pas pris ce quiz